| 000 | 01067cam a2200325 a 4500 | ||
|---|---|---|---|
| 999 |
_c6722 _d6722 |
||
| 001 | 132487 | ||
| 003 | GBCCL | ||
| 005 | 20241126110609.0 | ||
| 008 | 060927s2007 miu b 001 0 eng | ||
| 010 | _a 2006032091 | ||
| 020 | _a9780310270201 (hardcover : acidfree paper) | ||
| 020 | _a0310270200 | ||
| 035 | _a(OCoLC)ocm71812777 | ||
| 035 | _a(OCoLC)71812777 | ||
| 040 |
_aDLC _cDLC _dBAKER _dBTCTA _dNDD _dYDXCP _dWTS _dOCLCG _dLBB |
||
| 049 | _aLBBK | ||
| 050 | 0 | 0 |
_aPJ4567.3 _b.P73 2007 |
| 082 | 0 | 0 |
_a492.4 _222 _bPRA |
| 090 |
_aPJ4567.3 _b.P73 2007 |
||
| 100 | 1 |
_aPratico, Gary Davis. _912026 |
|
| 245 | 1 | 0 |
_aBasics of biblical Hebrew grammar / _cGary D. Pratico and Miles V. Van Pelt. |
| 250 | _a2nd ed. | ||
| 260 |
_aGrand Rapids, Mich. : _bZondervan, _cc2007. |
||
| 300 |
_axiii, 475 p. ; _c29 cm. + _e1 CD-ROM (4 3/4 in.) |
||
| 504 | _aIncludes bibliographical references and index. | ||
| 630 | 0 | 0 |
_aBible. _pO.T. _xLanguage, style. _912027 |
| 650 | 0 |
_aHebrew language _xGrammar. _92513 |
|
| 700 | 1 |
_aVan Pelt, Miles V., _d1969- _912028 |
|
| 942 |
_2ddc _cREF |
||